01531nam a22003857a 4500003000500000005001700005008004100022010000900063011000900072035000900081040000900090090001000099100004700109245006200156260004200218300002900260502009000289590003700379590004100416590004100457590004100498590004100539590004100580590004200621650003500663650004000698650002100738901000700759942000900766949004100775949005400816999001500870952013300885952012701018CHAP20220329133611.0971013s1993 r 00010 d a8417 a9389 a8624 cCHAP aTesis00aChávez Arellano, María Eugenia.922663 aCultura y hábitos alimentarios en una comunidad Mazahua aMontecillo, Méx. :bEl autor,c1993 a120 h.b; mapase+ anexo aTesis (M.C. Esp. en Desarrollo Rural) -- C.P. Centro de Estudios del Desarrollo Rural aALEPHb10c20130110lUCH01h1222 aBATCH-UPDb10c20130110lUCH01h0233 aBATCH-UPDb10c20130110lUCH01h0905 aBATCH-UPDb10c20130409lUCH01h2257 aBATCH-UPDb10c20130410lUCH01h1242 aBATCH-UPDb10c20130914lUCH01h0926 aCONVERSIONb10c20130109lUCH01h130614aHábitos alimenticios.95567914aIndios de MéxicoxCultura.95762714aMazahuas.973307 aBK cFOLL bBCcTESd-18894eTS1h25948i8624si bBCcTESd33724000934808eTS2fc.2h25949i8624si c8417d8417 00102local4053708TESISaBCbBCcPA_TESISd2019-12-31fTESISl0p33724000934808r2019-12-31 00:00:00tc.2w2019-12-31yTESIS 00102local4051708TESISaBCbBCcPA_TESISd2019-12-31fTESISl0oTesisp-18894r2019-12-31 00:00:00w2019-12-31yTESIS